Advances in numerical analysis. (Record no. 143911)

MARC details
000 -LEADER
fixed length control field 01189nam a2200277 a 4500
008 - FIXED-LENGTH DATA ELEMENTS--GENERAL INFORMATION
fixed length control field
020 ## - INTERNATIONAL STANDARD BOOK NUMBER
International Standard Book Number 0198534396
049 ## - LOCAL HOLDINGS (OCLC)
Holding library MAIN
090 ## - LOCALLY ASSIGNED LC-TYPE CALL NUMBER (OCLC); LOCAL CALL NUMBER (RLIN)
Classification number (OCLC) (R) ; Classification number, CALL (RLIN) (NR) QA297
Local cutter number (OCLC) ; Book number/undivided call number, CALL (RLIN) ADV
003 - CONTROL NUMBER IDENTIFIER
control field
005 - DATE AND TIME OF LATEST TRANSACTION
control field 20230123133152.0
040 ## - CATALOGING SOURCE
Transcribing agency NUST
245 00 - TITLE STATEMENT
Title Advances in numerical analysis.
Number of part/section of a work Vol. 2,
Name of part/section of a work Wavelets, subdivision algorithms, and radial basis functions.
260 ## - PUBLICATION, DISTRIBUTION, ETC.
Place of publication, distribution, etc. Oxford :
Name of publisher, distributor, etc. Clarendon Press,
Date of publication, distribution, etc. 1992.
300 ## - PHYSICAL DESCRIPTION
Extent viii, 210 p. ;
Dimensions 24 cm.
440 #0 - SERIES STATEMENT/ADDED ENTRY--TITLE
Title Oxford science publications
500 ## - GENERAL NOTE
General note "Proceedings of the fourth Summer School in Numerical Analysis, which was held at Lancaster University from 15th July to 3rd August 1990 ... sponsored by the Science and Engineering Research Council of Great Britain"--Pref.
504 ## - BIBLIOGRAPHY, ETC. NOTE
Bibliography, etc. note Includes bibliographical references.
650 #0 - SUBJECT ADDED ENTRY--TOPICAL TERM
Topical term or geographic name entry element Numerical analysis
Form subdivision Congresses.
700 1# - ADDED ENTRY--PERSONAL NAME
Personal name Light, W.A.
710 2# - ADDED ENTRY--CORPORATE NAME
Corporate name or jurisdiction name as entry element Science and Engineering Research Council (Great Britain)
711 2# - ADDED ENTRY--MEETING NAME
Meeting name or jurisdiction name as entry element Summer School in Numerical Analysis
Date of meeting or treaty signing (1990 :
Location of meeting Lancaster University)
740 01 - ADDED ENTRY--UNCONTROLLED RELATED/ANALYTICAL TITLE
Uncontrolled related/analytical title Wavelets, subdivision algorithms, and radial basis functions.
907 ## - LOCAL DATA ELEMENT G, LDG (RLIN)
a .b10031960
b 20-04-12
c 17-04-03
942 ## - ADDED ENTRY ELEMENTS (KOHA)
Koha item type Ordinary Loan Books
Call number prefix QA297
Call number suffix ADV
Holdings
Date last seen Total Checkouts Full call number Barcode Cost, replacement price Price effective from Koha item type Lost status Source of classification or shelving scheme Damaged status Not for loan Collection Withdrawn status Home library Current library Shelving location Date acquired Cost, normal purchase price
01/23/2023   QA297 ADV 92003014106 80.00 01/23/2023 BOOKS   LCC     NFIC   MAIN MAIN GEN 01/23/2023 80.00